banner

El manual del mezierista / (Registro nro. 931)

000 -LEADER
fixed length control field 01080nam a22002417 4500
003 - CONTROL NUMBER IDENTIFIER
control field AR-BaISA
005 - DATE AND TIME OF LATEST TRANSACTION
control field 20220517155508.0
007 - PHYSICAL DESCRIPTION FIXED FIELD--GENERAL INFORMATION
fixed length control field ta
008 - FIXED-LENGTH DATA ELEMENTS--GENERAL INFORMATION
fixed length control field 220517s1998 sp ao||| |||| 000 0 spa d
020 ## - INTERNATIONAL STANDARD BOOK NUMBER
International Standard Book Number 97884880193528
040 ## - CATALOGING SOURCE
Language of cataloging spa
Transcribing agency AR-BaISA
082 04 - DEWEY DECIMAL CLASSIFICATION NUMBER
Edition number 22
Classification number 615.82 D437
100 1# - MAIN ENTRY--PERSONAL NAME
9 (RLIN) 2212
Personal name Denys-Struyf, Godelive
245 13 - TITLE STATEMENT
Title El manual del mezierista /
Statement of responsibility, etc. por Godelieve Denys-Struyf
260 ## - PUBLICATION, DISTRIBUTION, ETC.
Place of publication, distribution, etc. Barcelona:
Name of publisher, distributor, etc. Paidotribo,
Date of publication, distribution, etc. 1998
300 ## - PHYSICAL DESCRIPTION
Extent 173 p.:
Other physical details il., fotos
490 1# - SERIES STATEMENT
Serie Fisioterapia y terapias manuales
504 ## - BIBLIOGRAPHY, ETC. NOTE
Bibliography, etc. note Bibliografía p.: 173.
505 ## - FORMATTED CONTENTS NOTE
Title UNA POSTURA CARACTERÍSTICA DEL MÉTODO MÉZIÉRES:
-- Estudio de la postura en decúbito dorsal. Miembros inferiores elevados a 90°. Los miembros inferiores y la pelvis --
-- Aliviar el dolor --
-- PARÉNTESIS PARA REFLEXIONES Y APORTACIONES COMPLEMENTARIAS AL MÉTODO MÉZIÉRES:
-- Reflexiones y aportaciones biomecánicas --
-- Aliviar el dolor del fisioterapeuta, o lo que puede aportar una mesa
650 14 - SUBJECT ADDED ENTRY--TOPICAL TERM
9 (RLIN) 1206
Topical term or geographic name entry element Fisioterapia
830 #0 - SERIES ADDED ENTRY--UNIFORM TITLE
9 (RLIN) 421
Uniform title Fisioterapia y terapias manuales
942 ## - ADDED ENTRY ELEMENTS (KOHA)
Source of classification or shelving scheme
Koha item type Libros
Edition 22
Existencias
Withdrawn status Lost status Source of classification or shelving scheme Damaged status Not for loan Permanent Location Current Location Date acquired Inventory number Total Checkouts Full call number Barcode Date last seen Date last checked out Copy number Price effective from Koha item type
          Biblioteca ISALUD. Dr. Néstor Rodríguez Campoamor Biblioteca ISALUD. Dr. Néstor Rodríguez Campoamor 2022-05-17 4499 2 615.82 D437 4499 2024-08-27 2024-08-13 ej. 1 2022-05-17 Libros
          Biblioteca ISALUD. Dr. Néstor Rodríguez Campoamor Biblioteca ISALUD. Dr. Néstor Rodríguez Campoamor 2022-05-17 4500 2 615.82 D437 4500 2024-08-27 2024-08-12 ej. 2 2022-05-17 Libros